[Event "zt 3.3"]
[Site "Ho Chi Minh City VIE"]
[Date "2009.07.23"]
[Round "1"]
[White "Dang The Nam"]
[Black "Duong The Anh"]
[Result "1/2-1/2"]
[WhiteElo "2124"]
[BlackElo "2440"]

1.e4 c5 2.Nf3 d6 3.d4 cxd4 4.Nxd4 Nf6 5.Nc3 a6 6.Be3 e5 7.Nb3 Be6 8.f3 Be7
9.Qd2 O-O 10.O-O-O Nbd7 11.g4 Nb6 12.Qf2 Nfd7 13.h4 Rc8 14.Nd5 Bxd5 15.exd5 Qc7
16.Kb1 Nc4 17.Bc1 Ndb6 18.g5 a5 19.Bh3 Ra8 20.Rd3 f5 21.gxf6 Bxf6 22.Nd2 Nxd2+
23.Qxd2 e4 24.fxe4 Nc4 25.Qe2 a4 26.c3 Rae8 27.Be6+ Kh8 28.h5 Qb6 29.Ka1 Be7
30.Rf1 Rxf1 31.Qxf1 Rf8 32.Bf5 Bg5 33.Rg3 Bxc1 34.Qxc1 Qf2 35.Rg1 Ne3 36.h6 g6
37.c4 Nxc4 38.Rf1 Qe2 39.Re1 Qd2 40.Rd1 Qxc1+ 41.Rxc1 gxf5 42.Rxc4 f4 43.Rc1 Kg8
44.Rf1 Rf6 45.Kb1 Kf7 46.Kc2 Kg6 47.Kd3 Rf8 48.Kd4 Kxh6 49.e5 Kg5 50.exd6 Kf5
51.Re1 f3 52.d7 Rd8 53.Re7 Kf6 54.Rxh7 Rxd7 55.Rh3 Rg7 56.Rxf3+ Ke7 57.Rf2 Kd6
58.Rf6+ Kc7 59.Kc5 Rg2 60.Rf7+ Kc8 61.Kd6 Rg6+ 62.Ke7 Kc7 63.Rf4 Rg7+ 64.Ke6 Rg6+
65.Kf5 Rg2 66.Rb4 a3  1/2-1/2

[Event "Synthesia Rapid Open"]
[Site "Pardubice CZE"]
[Date "2009.07.23"]
[Round "5"]
[White "Lintchevski,D"]
[Black "Zakhartsov,Vi"]
[Result "1-0"]
[WhiteElo "2484"]
[BlackElo "2541"]

1.e4 c5 2.Nf3 d6 3.d4 cxd4 4.Nxd4 Nf6 5.Nc3 a6 6.Be3 e5 7.Nf3 Be7 8.Bc4 O-O
9.O-O Nc6 10.Qe2 Na5 11.Bb3 h6 12.Rfd1 Nxb3 13.cxb3 Bd7 14.Nd2 b5 15.b4 Bc6
16.f3 d5 17.exd5 Nxd5 18.Nxd5 Qxd5 19.Nb3 Qe6 20.Bc5 Rfd8 21.Bxe7 Qxe7 22.Nc5 a5
23.a3 axb4 24.axb4 Rxa1 25.Rxa1 Qd6 26.Qe3 Qd4 27.Qxd4 Rxd4 28.Ra6 Be8 29.b3 Kf8
30.Kf2 Rxb4 31.Ke3 Rd4 32.Ra7 Rd5 33.Nd3 f6 34.Rc7 Rd7 35.Rc8 Ke7 36.Ra8 Rc7
37.b4 Bf7 38.Nc5 Bd5 39.Ra5 Bc4 40.Ra6 Kf7 41.Ra8 Kg6 42.g3 h5 43.h4 Rc6
44.Rd8 Rc7 45.Ra8 Kf5 46.Ra6 Rc8 47.Ne4 Kg6 48.Nd6 Rc7 49.Rb6 Ra7 50.Nxc4 bxc4
51.Rc6 Ra3+ 52.Ke4 c3 53.Kd3 Rb3 54.Rc4 Kf5 55.Kc2 Ra3 56.Rxc3 Ra7 57.Kd3 Rd7+
58.Kc4 e4 59.fxe4+ Kxe4 60.b5 g5 61.b6 gxh4 62.gxh4 f5 63.Kc5 f4 64.Kc6 Rd8
65.Kc7 Rf8 66.Rc4+ Ke3 67.Rc3+ Ke2 68.Rc2+ Ke3 69.Rc3+  1-0

[Event "2nd Open"]
[Site "Paleohora GRE"]
[Date "2009.07.24"]
[Round "5"]
[White "Chulivska,V"]
[Black "Georgiadis,I"]
[Result "0-1"]
[WhiteElo "2304"]
[BlackElo "2438"]

1.e4 c5 2.Nf3 d6 3.d4 cxd4 4.Nxd4 Nf6 5.Nc3 a6 6.Be3 e5 7.Nb3 Be6 8.Qd2 Be7
9.f4 Ng4 10.f5 Bd7 11.Bc4 Bc6 12.a4 Nd7 13.Bd5 O-O 14.a5 Nxe3 15.Qxe3 Qc7
16.h4 Nf6 17.h5 h6 18.Qh3 Bxd5 19.exd5 Qc4 20.Ra4 Qc7 21.O-O b5 22.axb6 Qxb6+
23.Kh1 Rfc8 24.Qf3 e4 25.Qe2 Qb7 26.Nxe4 Qxd5 27.Nc3 Qb7 28.Rfa1 d5 29.Rxa6 Nxh5
30.Kh2 Qc7+ 31.Kg1 Bc5+ 32.Nxc5 Qxc5+ 33.Kh2 Rxa6 34.Rxa6 Nf6 35.Qf3 d4 36.Ne4 Qe5+
37.Ng3 Rxc2 38.Ra8+ Kh7 39.Ra7 Rxb2 40.Rxf7 Rc2 41.Qb7 Ng4+ 42.Kh3 Nf2+ 43.Kh2 Rc1  0-1

[Event "2nd Open"]
[Site "Paleohora GRE"]
[Date "2009.07.24"]
[Round "5"]
[White "Vuilleumier,A"]
[Black "Romanko,M"]
[Result "1-0"]
[WhiteElo "2304"]
[BlackElo "2447"]

1.e4 c5 2.Nf3 d6 3.d4 cxd4 4.Nxd4 Nf6 5.Nc3 a6 6.Be3 e5 7.Nb3 Be6 8.Qd2 Be7
9.O-O-O Nbd7 10.f4 Ng4 11.g3 Nxe3 12.Qxe3 O-O 13.Kb1 exf4 14.gxf4 Rc8 15.Nd4 Qa5
16.Rg1 Qh5 17.Be2 Qh6 18.Nd5 Bd8 19.f5  1-0

[Event "Czech Open A"]
[Site "Pardubice CZE"]
[Date "2009.07.24"]
[Round "1"]
[White "Holeksa,Z"]
[Black "Biriukov,O"]
[Result "0-1"]
[WhiteElo "2206"]
[BlackElo "2367"]

1.e4 c5 2.Nf3 d6 3.d4 cxd4 4.Nxd4 Nf6 5.Nc3 a6 6.Be3 e6 7.f3 b5 8.g4 h6 9.Qd2 Nbd7
10.O-O-O Bb7 11.h4 b4 12.Na4 Qa5 13.b3 Nc5 14.a3 Nxa4 15.bxa4 Qc7 16.axb4 Nd7
17.Rh3 d5 18.g5 e5 19.exd5 exd4 20.Bxd4 O-O-O 21.f4 Kb8 22.Kb1 Bd6 23.Rc3 Bxb4
24.Rxc7 Bxd2 25.Rxb7+ Kxb7 26.Rxd2 hxg5 27.hxg5 Rh1 28.Rd1 Rb8 29.Kc1 Kc7
30.Bxa6 Rb1+  0-1

[Event "Czech Open A"]
[Site "Pardubice CZE"]
[Date "2009.07.24"]
[Round "1"]
[White "Jasny,S"]
[Black "Linster,P"]
[Result "1-0"]
[WhiteElo "2364"]
[BlackElo "2205"]

1.e4 c5 2.Nf3 d6 3.d4 cxd4 4.Nxd4 Nf6 5.Nc3 a6 6.Be3 e6 7.Be2 Be7 8.f4 Nc6
9.g4 d5 10.e5 Nd7 11.g5 Bc5 12.Qd2 Nxd4 13.Bxd4 b5 14.Bf3 Bb7 15.O-O-O Rc8
16.Ne2 Nb6 17.Bxc5 Rxc5 18.Nd4 Nc4 19.Qe1 O-O 20.h4 b4 21.Kb1 Qb6 22.Rh2 a5
23.h5 a4 24.f5 Ra8 25.g6 fxg6 26.hxg6 b3 27.cxb3 axb3 28.Qh4 h6 29.Qe7 bxa2+
30.Ka1 Rc7 31.Qxe6+ Qxe6 32.Nxe6 Re7 33.Re2 Nb6 34.b3 Bc8 35.Nd4 Ba6 36.Ree1 Bb7
37.f6 gxf6 38.exf6 Rxe1 39.Rxe1 Nd7 40.Re7  1-0

[Event "Czech Open A"]
[Site "Pardubice CZE"]
[Date "2009.07.24"]
[Round "1"]
[White "Berezjuk,S"]
[Black "Miskulin,D"]
[Result "1-0"]
[WhiteElo "2406"]
[BlackElo "2234"]

1.e4 c5 2.Nf3 d6 3.d4 cxd4 4.Nxd4 Nf6 5.Nc3 a6 6.Be3 e5 7.Nb3 Be7 8.Qd2 Be6
9.O-O-O b5 10.f3 Nbd7 11.g4 Nb6 12.g5 Nfd7 13.h4 Qc7 14.Nd5 Bxd5 15.exd5 O-O
16.Qd3 Nc4 17.Kb1 a5 18.Nd2 Nxe3 19.Qxe3 Rab8 20.Ne4 b4 21.Bh3 Qb6 22.Qd2 Nc5
23.Nf6+ Kh8 24.Nd7 Nxd7 25.Bxd7 Qc5 26.Qd3 Bd8 27.Bf5 g6 28.Be4 Bb6 29.h5 Kg7
30.Qf1 Rh8 31.Qh3 a4 32.Qd7 a3 33.Qe7 Qc7 34.Qf6+  1-0

[Event "Czech Open A"]
[Site "Pardubice CZE"]
[Date "2009.07.24"]
[Round "1"]
[White "Caprio,G"]
[Black "Aliavdin,N"]
[Result "0-1"]
[WhiteElo "2212"]
[BlackElo "2372"]

1.e4 c5 2.Nf3 d6 3.d4 cxd4 4.Nxd4 Nf6 5.Nc3 a6 6.Be3 Ng4 7.Bc1 Nf6 8.Bd3 e5
9.Nf3 Qc7 10.Bg5 Nbd7 11.a4 b6 12.Bxf6 Nxf6 13.Be2 Bb7 14.Qd3 Be7 15.Nd2 O-O
16.Nf1 b5 17.Ne3 b4 18.Ncd5 Nxd5 19.Nxd5 Bxd5 20.exd5 Rfc8 21.Qe4 g6 22.Qxb4 Qxc2
23.Qd2 Qxd2+ 24.Kxd2 Bg5+ 25.Ke1 a5 26.b3 Rc2 27.Bc4 e4 28.g3 e3 29.fxe3 Bxe3
30.Bd3 Rb2 31.Rb1 Ra2 32.Bb5 Ra7 33.Kd1 Re7 34.Ke1 Bf2+ 35.Kf1 Bc5 36.b4 Rf2+
37.Kg1 axb4 38.Rxb4 Re1+ 39.Bf1 Rexf1+  0-1

[Event "Najdorf Mem Open"]
[Site "Warsaw POL"]
[Date "2009.07.24"]
[Round "7"]
[White "Nurkiewicz,M"]
[Black "Brodsky,M"]
[Result "0-1"]
[WhiteElo "2397"]
[BlackElo "2522"]

1.e4 c5 2.Nf3 d6 3.d4 cxd4 4.Nxd4 Nf6 5.Nc3 a6 6.Be3 e5 7.Nb3 Be6 8.f3 h5
9.Nd5 Bxd5 10.exd5 Nbd7 11.a4 g6 12.Be2 Bh6 13.Bxh6 Rxh6 14.Qd2 Rh8 15.a5 Kf8
16.O-O Kg7 17.c4 Qc7 18.Qe3 Rhe8 19.Kh1 Rab8 20.Nd2 b6 21.b4 bxa5 22.Rxa5 Rxb4
23.Rxa6 Rb6 24.Rxb6 Nxb6 25.f4 exf4 26.Qxf4 Qe7 27.Bxh5 Nbxd5 28.cxd5 Nxh5
29.Qf3 Nf6 30.Nc4 Ne4 31.Qf4 Rh8 32.Re1 Rh4 33.Qe3 Qf6 34.Kg1 Rf4 35.Rc1 Ng5
36.g3 Nh3+ 37.Kh1 Rxc4  0-1

[Event "zt 3.3"]
[Site "Ho Chi Minh City VIE"]
[Date "2009.07.25"]
[Round "4"]
[White "Bitoon,R"]
[Black "Ly Hong Nguyen"]
[Result "1-0"]
[WhiteElo "2495"]
[BlackElo "2302"]

1.e4 c5 2.Nf3 d6 3.d4 cxd4 4.Nxd4 Nf6 5.Nc3 a6 6.Be3 e5 7.Nf3 Qc7 8.a4 b6
9.Bg5 Nbd7 10.Nd2 Bb7 11.Bc4 Be7 12.Qe2 h6 13.Be3 Nc5 14.Bxc5 Qxc5 15.O-O O-O
16.Rfd1 Rfc8 17.Bb3 Rd8 18.Nc4 Rac8 19.a5 bxa5 20.Nxa5 Ba8 21.Bc4 Qb4 22.Bxa6 Rc7
23.Nc4 Qb8 24.b3 Nxe4 25.Nxe4 d5 26.Nxe5 dxe4 27.Bc4 Bf6 28.Rxd8+ Qxd8 29.Ng4 Be7
30.Rd1 Qe8 31.Qd2 Kh7 32.Qf4 Qc8 33.h3 f5 34.Ne3 Rc5 35.h4 Bf6 36.g3 Be7
37.h5 Bg5 38.Qd6 Rc6 39.Qd7 f4 40.gxf4 Bxf4 41.Be6 Qxd7 42.Rxd7 Rd6 43.Bf5+ Kg8
44.Rxd6 Bxd6 45.Bg6 Kf8 46.Nf5 Bc5 47.Kf1 Bc6 48.Ke2 Bd7 49.Ne3 Bc6 50.Nf1 Ke7
51.Ng3 Kf6 52.Nxe4+ Bxe4 53.Bxe4 Ke5 54.Kd3 Bxf2 55.Bg6 Kd5 56.b4 Be1 57.c3 Kc6
58.Kc4 Bf2 59.Kb3 Be1 60.c4 Bf2 61.Be4+ Kb6 62.c5+ Bxc5 63.bxc5+ Kxc5 64.Bg6 Kd6
65.Kb4 Ke7 66.Kc5 Kf8 67.Kd6 Kg8 68.Ke7 Kh8 69.Ke8 Kg8 70.Bf7+ Kh7 71.Kf8 Kh8
72.Bd5 Kh7 73.Be4+ Kh8 74.Kf7  1-0

[Event "Czech Open A"]
[Site "Pardubice CZE"]
[Date "2009.07.25"]
[Round "2"]
[White "Lintchevski,D"]
[Black "Raykhman,A"]
[Result "1-0"]
[WhiteElo "2484"]
[BlackElo "2274"]

1.e4 c5 2.Nf3 d6 3.d4 cxd4 4.Nxd4 Nf6 5.Nc3 a6 6.Be3 e6 7.a4 b6 8.g4 Bb7
9.Bg2 h6 10.f4 Nbd7 11.g5 hxg5 12.fxg5 Nh5 13.g6 Qh4+ 14.Kd2 Ne5 15.gxf7+ Kxf7
16.Qe2 Rc8 17.Raf1+ Nf6 18.Kc1 Rxc3 19.bxc3 Be7 20.Nf3 Nxf3 21.Qxf3 Rc8 22.Bd4 e5
23.Bxb6 Rc4 24.Qg3 Qh7 25.a5 Bxe4 26.Rhg1 d5 27.Qxe5 Ba3+ 28.Kd2 Bb2 29.Bxe4 Rxe4
30.Qxd5+ Re6 31.Bd4 Qxh2+ 32.Rg2 Qh6+ 33.Kd3 Qh3+ 34.Kc4 Qh8 35.Rxg7+ Qxg7
36.Rxf6+  1-0

[Event "Czech Open A"]
[Site "Pardubice CZE"]
[Date "2009.07.25"]
[Round "2"]
[White "Koepke,C"]
[Black "Babula,V"]
[Result "0-1"]
[WhiteElo "2374"]
[BlackElo "2566"]

1.e4 c5 2.Nf3 d6 3.d4 cxd4 4.Nxd4 Nf6 5.Nc3 a6 6.Be3 e5 7.Nb3 Be7 8.f3 Be6
9.Qd2 O-O 10.O-O-O a5 11.a4 Nc6 12.g4 Nb4 13.Kb1 Rc8 14.g5 Ne8 15.Bb5 d5
16.exd5 Bf5 17.Rc1 Nd6 18.Na1 Rxc3 19.bxc3 Nxb5 20.axb5 Nxd5 21.Rcd1 Be6
22.c4 Nxe3 23.Qxe3 Qc7 24.Nb3 Qxc4 25.Qxe5 a4 26.Nd4 Qb4+ 27.Kc1 Qc3 28.Rde1 Ba3+
29.Kd1 Rd8 30.Ke2 Rxd4  0-1

[Event "Czech Open A"]
[Site "Pardubice CZE"]
[Date "2009.07.25"]
[Round "2"]
[White "Korinek,O"]
[Black "Petr,Ma"]
[Result "1/2-1/2"]
[WhiteElo "2275"]
[BlackElo "2478"]

1.e4 c5 2.Nf3 d6 3.d4 cxd4 4.Nxd4 Nf6 5.Nc3 a6 6.Be3 e6 7.f3 b5 8.g4 h6 9.Qd2 Nbd7
10.O-O-O Ne5 11.Bd3 Bb7 12.Rhe1 b4 13.Na4 Qa5 14.b3 Be7 15.Kb1 O-O 16.h4 Nfd7
17.g5 h5 18.f4 Nxd3 19.cxd3 d5 20.e5 g6 21.Rc1 Rfc8 22.Rxc8+ Rxc8 23.Rc1 Qd8
24.Rxc8 Qxc8 25.Qc1 Qxc1+ 26.Kxc1 Kf8 27.Kd2 Ke8 28.Ke2 Kd8 29.Kd2 Kc7 30.Ke2 Bc8
31.Kd2 Nb8 32.Nc2 Nd7 33.Nd4 Bb7 34.Ke2 Bc6 35.Nxc6 Kxc6 36.d4 Kb5 37.Kd3 Nb8
38.Bf2 Nc6 39.Be3 Na5 40.Nb2 Nc6 41.Na4 Na7 42.Bd2 Kc6 43.Be3 Nb5 44.Bd2 Na3
45.Bc1 Kb5 46.Nb2 Bd8 47.Bd2 Bb6 48.Be3 Nb1 49.Na4 Bd8 50.Bc1 a5 51.Bd2 Be7
52.Be1 Na3 53.Nb2 Bd8 54.Bd2 Bb6 55.Be3 Nb1 56.Na4 Ba7 57.Bf2 Na3 58.Nb2 Kc6
59.Na4 Nb5 60.Bg1 Bb6 61.Bf2 Bd8 62.Be1 Na3 63.Bd2 Kb5 64.Bc1 Nb1 65.Bd2 Be7
66.Be1 Bd8 67.Bd2 Bc7 68.Be1 Bb6 69.Bf2  1/2-1/2

[Event "2nd Open"]
[Site "Paleohora GRE"]
[Date "2009.07.26"]
[Round "7"]
[White "Nepali,B"]
[Black "Georgiadis,I"]
[Result "0-1"]
[WhiteElo "2162"]
[BlackElo "2438"]

1.e4 c5 2.Nf3 d6 3.d4 cxd4 4.Nxd4 Nf6 5.Nc3 a6 6.Be3 e5 7.Nb3 Be6 8.Bg5 Nbd7
9.Bd3 Be7 10.O-O O-O 11.Qd2 Qc7 12.h3 Rfd8 13.Rad1 Nb6 14.Bxf6 Bxf6 15.Nd5 Bxd5
16.exd5 Nc4 17.Qc3 Rac8 18.Bf5 Rb8 19.Nd2 b5 20.Ne4 Qe7 21.b3 Nb6 22.Qa5 g6
23.Nxf6+ Qxf6 24.Be4 Qh4 25.Bf3 Rdc8 26.Qxa6 Rxc2 27.Rc1 Rxc1 28.Rxc1 e4
29.Be2 Qf4 30.Rd1 e3 31.f3 Qg3 32.Qxb5 Nd7 33.Qa6 Nf6 34.Qd3 Nh5 35.Qxe3 Nf4
36.Kf1 Qxg2+ 37.Ke1 Qg3+ 38.Kd2 Nxd5 39.Qd4 Qg5+ 40.Ke1 Nf4 41.Rd2 Rc8 42.Rd1 Rc1  0-1

[Event "Czech Open A"]
[Site "Pardubice CZE"]
[Date "2009.07.26"]
[Round "3"]
[White "Jasny,S"]
[Black "Feher,Ad"]
[Result "1/2-1/2"]
[WhiteElo "2364"]
[BlackElo "2233"]

1.e4 c5 2.Nf3 d6 3.d4 cxd4 4.Nxd4 Nf6 5.Nc3 a6 6.Be3 e5 7.Nb3 Be7 8.f3 O-O
9.Qd2 Be6 10.O-O-O a5 11.Bb5 Na6 12.Kb1 Nc7 13.Bb6 Qb8 14.Ba4 Rc8 15.Nc1 Ra6
16.Bxc7 Rxc7 17.N1e2 Rc5 18.Bb3 b5 19.Nd5 Bxd5 20.Bxd5 Nxd5 21.exd5 b4 22.Ng3 a4
23.Ne4 Rc8 24.Qe2 Ra5 25.Rd3 Qa8 26.Qd2 Rc4 27.g4 Qa6 28.Rc1 b3 29.a3 Rb5
30.cxb3 Rxc1+ 31.Qxc1 Rxb3 32.Rc3 h6 33.Qc2 Rxc3 34.Nxc3 Qf1+ 35.Qd1 Qf2
36.h3 Qg2 37.Nxa4 Qxh3 38.Nb6 h5 39.gxh5 Qxh5 40.Qa4 Qxf3 41.Qe8+ Bf8 42.Nd7 Qd1+
43.Ka2 Qxd5+ 44.Kb1 Qd1+ 45.Ka2 Qd5+ 46.Kb1  1/2-1/2

[Event "Najdorf Mem Open"]
[Site "Warsaw POL"]
[Date "2009.07.26"]
[Round "9"]
[White "Nurkiewicz,M"]
[Black "Nedilko,V"]
[Result "0-1"]
[WhiteElo "2397"]
[BlackElo "2414"]

1.e4 c5 2.Nf3 d6 3.d4 cxd4 4.Nxd4 Nf6 5.Nc3 a6 6.Be3 e5 7.Nb3 Be7 8.f3 Be6
9.Qd2 O-O 10.O-O-O a5 11.Bb5 Na6 12.g4 Nc7 13.g5 Nxb5 14.Nxb5 Ne8 15.a4 Qc8
16.Kb1 Qc4 17.Nc3 Nc7 18.Bb6 Rfc8 19.h4 Na6 20.Bxa5 Nc5 21.Nxc5 Qxc5 22.Nd5 Bxd5
23.Bb4 Qc6 24.exd5 Qxa4 25.Ba3 Rc4 26.h5 Bxg5 27.Qd3 e4 28.fxe4 Rxe4 29.Rhe1 Rxe1
30.Rxe1 Bf6 31.Qf5 Be5 32.Rf1 Qe8 33.Bb4 g6 34.hxg6 hxg6 35.Qf3 Ra4 36.Bc3 Rf4
37.Qh3 Rxf1+ 38.Qxf1 Bxc3 39.bxc3 Qe5 40.c4 Kg7 41.Qf2 g5 42.Qb6 g4 43.c5 dxc5
44.d6 g3 45.d7 g2 46.d8=Q g1=Q+ 47.Ka2 Qga1+ 48.Kb3 Qec3+  0-1

[Event "ZMD Open"]
[Site "Dresden GER"]
[Date "2009.07.28"]
[Round "4"]
[White "Rudolf,S"]
[Black "Bobras,P"]
[Result "1-0"]
[WhiteElo "2162"]
[BlackElo "2568"]

1.e4 c5 2.Nf3 d6 3.d4 cxd4 4.Nxd4 Nf6 5.Nc3 a6 6.Be3 e6 7.Be2 Nc6 8.f4 Be7
9.Qd2 O-O 10.O-O-O Nd7 11.g4 Nxd4 12.Bxd4 b5 13.a3 Bb7 14.g5 e5 15.Be3 exf4
16.Bxf4 Nc5 17.Bf3 Ne6 18.h4 Nxf4 19.Qxf4 b4 20.axb4 Qb6 21.Nd5 Bxd5 22.Rxd5 Qxb4
23.Qd2 Qb7 24.Rf1 Rab8 25.Qd4 Rfc8 26.Rf2 Bd8 27.Bg4 Rc6 28.Rf3 Bb6 29.Qa4 Ba7
30.Qa2 Rb6 31.Rdf5 Rxb2 32.Qxf7+ Qxf7 33.Rxf7 Be3+ 34.Kd1  1-0

[Event "Czech Open A"]
[Site "Pardubice CZE"]
[Date "2009.07.28"]
[Round "5"]
[White "Smith,Ax"]
[Black "Erdogdu,M"]
[Result "1/2-1/2"]
[WhiteElo "2377"]
[BlackElo "2463"]

1.e4 c5 2.Nf3 d6 3.d4 cxd4 4.Nxd4 Nf6 5.Nc3 a6 6.Be3 e5 7.Nb3 Be6 8.f3 Be7
9.Qd2 O-O 10.O-O-O a5 11.Bb5 Na6 12.Qe2 Qb8 13.g4 Rc8 14.g5 Nh5 15.Kb1 Nc7
16.Ba4 Rd8 17.Rd2 d5 18.exd5 Nxd5 19.Nxd5 Rxd5 20.Rxd5 Bxd5 21.Rd1 Be6 22.Nc5 Bf5
23.Nd7 Bxd7 24.Rxd7 Qe8 25.Qb5 Nf4 26.Qxb7 Rd8 27.h4 Bf8 28.Rxd8 Qxd8 29.Qd7 Be7
30.c4 h6 31.gxh6 gxh6 32.h5 Kg7 33.Qxd8 Bxd8 34.a3 Nxh5 35.b4 axb4 36.axb4 Nf4
37.Kc2 h5 38.Bxf4 exf4 39.Bd7 Kf6 40.Kd3 Ke5 41.Bh3 Be7 42.Kc3 h4 43.Bg4 Bf8
44.Bh3 Be7 45.Bf1 Bf8 46.Bg2 Be7 47.Bh3 Bf8 48.Bg4 Be7 49.c5 Kd5 50.Bd7 Bf6+
51.Kd3  1/2-1/2

[Event "Brama Lubawska"]
[Site "Lubawka POL"]
[Date "2009.07.29"]
[Round "1"]
[White "Aliavdin,N"]
[Black "Gulik,P"]
[Result "1-0"]
[WhiteElo "2365"]
[BlackElo "1917"]

1.e4 c5 2.Nf3 d6 3.d4 cxd4 4.Nxd4 Nf6 5.Nc3 a6 6.Be3 e5 7.Nb3 Be6 8.Qd2 Be7
9.O-O-O b5 10.f4 Nbd7 11.Kb1 b4 12.Nd5 Bxd5 13.exd5 a5 14.fxe5 Nxe5 15.Bb5+ Nfd7
16.Nd4 O-O 17.Nc6 Nxc6 18.dxc6 Ne5 19.Qd5 Qc7 20.Rhf1 Rfb8 21.Ba4 Kh8 22.Bd4 f6
23.Qe6 Rf8 24.h3 Rae8 25.Qd5 Rc8 26.Rde1 Rfe8 27.Re2 Rf8 28.c3 Rfd8 29.cxb4 axb4
30.Rc2 Ra8 31.Bb3 Ra5 32.Qe6 Ra6 33.Rfc1 Ra5 34.Bb6 Qxb6 35.c7  1-0

[Event "Czech Open A"]
[Site "Pardubice CZE"]
[Date "2009.07.29"]
[Round "6"]
[White "Aliavdin,N"]
[Black "Korinek,O"]
[Result "1/2-1/2"]
[WhiteElo "2372"]
[BlackElo "2275"]

1.e4 c5 2.Nf3 d6 3.d4 cxd4 4.Nxd4 Nf6 5.Nc3 a6 6.Be3 e6 7.f3 b5 8.Qd2 Bb7
9.g4 Nfd7 10.a4 bxa4 11.Nxa4 Be7 12.g5 Qc7 13.Be2 Nc6 14.Nxc6 Qxc6 15.Qc3 O-O
16.Qxc6 Bxc6 17.O-O Rfb8  1/2-1/2

[Event "Czech Open A"]
[Site "Pardubice CZE"]
[Date "2009.07.30"]
[Round "7"]
[White "Ambartsumova,K"]
[Black "Aliavdin,N"]
[Result "1/2-1/2"]
[WhiteElo "2274"]
[BlackElo "2372"]

1.e4 c5 2.Nf3 d6 3.d4 cxd4 4.Nxd4 Nf6 5.Nc3 a6 6.Be3 e5 7.Nf3 Be7 8.Bc4 O-O
9.O-O Nc6 10.Bg5 Be6 11.Bb3 Nd7 12.Bxe7 Qxe7 13.Nd5 Qd8 14.Qe2 Nc5 15.Rad1 Rc8
16.Rd2 Ne7 17.Nc3 Nxb3 18.axb3 f6 19.Rfd1 Rc6 20.Ne1 Qc7 21.Nd3 Rc8 22.Nb4 Rb6
23.Nba2 Rc6 24.Nb4 Rb6 25.Nba2 Rc6 26.Nb4 Rb6  1/2-1/2

[Event "University of Twente YM"]
[Site "Enschede NED"]
[Date "2009.07.31"]
[Round "1"]
[White "Giri,A"]
[Black "Van Assendelft,F"]
[Result "1-0"]
[WhiteElo "2518"]
[BlackElo "2332"]

1.e4 c5 2.Nf3 d6 3.d4 cxd4 4.Nxd4 Nf6 5.Nc3 a6 6.Be3 Ng4 7.Bc1 Nf6 8.Be3 Ng4
9.Bg5 h6 10.Bh4 g5 11.Bg3 Bg7 12.h3 Nf6 13.Qe2 Nc6 14.Nxc6 bxc6 15.e5 dxe5
16.Bxe5 Bb7 17.g4 c5 18.f3 Qd7 19.Bg2 Qe6 20.f4 Bxg2 21.Qxg2 Rd8 22.O-O Kf8
23.Rad1 Rxd1 24.Rxd1 Kg8 25.Qf1 h5 26.Rd8+ Bf8 27.Bxf6 Qxf6 28.Rd5 hxg4 29.Rxg5+ Bg7
30.Rxg4 Qd4+ 31.Kg2 f5 32.Rg5 Rh6 33.Qd3 Qxf4 34.Rxf5 Rg6+ 35.Kh1 Qc1+ 36.Rf1 Qg5
37.Qd5+ Qxd5+ 38.Nxd5 Re6 39.Nf4 Rd6 40.Re1 Rd2 41.Re2 Rd1+ 42.Kg2 Bxb2 43.Rxe7 Bc1
44.Re4 Bxf4 45.Rxf4 Rd2+ 46.Rf2 Rd4 47.Kf3 Ra4 48.Ke3 Rxa2 49.Ke4 Ra4+ 50.Kd5 Ra3
51.Kxc5 Rxh3 52.c4 Rh6 53.Kd5 Rh7 54.c5 Rf7 55.Rxf7 Kxf7 56.Kc6 Ke7 57.Kb6  1-0

[Event "Czech Open A"]
[Site "Pardubice CZE"]
[Date "2009.07.31"]
[Round "8"]
[White "Hirneise,T"]
[Black "Korinek,O"]
[Result "1/2-1/2"]
[WhiteElo "2429"]
[BlackElo "2275"]

1.e4 c5 2.Nf3 d6 3.d4 cxd4 4.Nxd4 Nf6 5.Nc3 a6 6.Be3 e6 7.f4 Qc7 8.Bd3 Nc6
9.Qf3 Bd7 10.Nb3 Nb4 11.O-O Bc6 12.Nd4 Nxd3 13.cxd3 Be7 14.Qg3 g6 15.Rac1 Qa5
16.Nxc6 bxc6 17.Bd4 Kd7 18.e5 Nh5 19.Qf3 d5 20.f5 exf5 21.e6+ fxe6 22.Bxh8 Rxh8
23.Qe3 Bc5 24.d4 Bd6 25.b3 Nf6 26.Qg5 Rf8 27.Na4 Ne4 28.Qe3 Qc7 29.Qh6 Rf7
30.Nc5+ Bxc5 31.dxc5 Qa5 32.Qf4 Qc7 33.Qe3 e5 34.b4 Qb7 35.Rb1 Qb5 36.Rfd1 Ke6
37.Qb3 a5 38.a3  1/2-1/2

[Event "Open"]
[Site "Stara Pazova SRB"]
[Date "2009.07.31"]
[Round "8"]
[White "Nestorovic,N"]
[Black "Ilincic,Z"]
[Result "1/2-1/2"]
[WhiteElo "2410"]
[BlackElo "2479"]

1.e4 c5 2.Nf3 d6 3.d4 cxd4 4.Nxd4 Nf6 5.Nc3 a6 6.Be3 e6 7.a4 b6 8.g4 Bb7
9.Bg2 d5 10.Bg5 Bb4 11.e5 h6 12.Bd2 Nfd7 13.Qe2 Nc6 14.Nxc6 Bxc6 15.O-O-O b5
16.f4 bxa4 17.f5 Qa5 18.Na2 Bxd2+ 19.Qxd2 Qxd2+ 20.Rxd2 Rb8 21.c4 Nxe5 22.fxe6 Nxc4
23.exf7+ Kxf7 24.Rf2+ Kg6 25.Bf1 Ne5 26.Bxa6 Bb5 27.Bxb5 Rxb5 28.Rd1 Rc8+
29.Rc2 Rxc2+ 30.Kxc2 Nc4 31.Rb1 d4 32.Nc1 Rxb2+ 33.Rxb2 Nxb2 34.Kxb2 Kg5
35.Ka3 Kxg4 36.Kxa4 Kh3 37.Kb4 Kxh2 38.Kc4 h5 39.Ne2 h4 40.Kxd4 g5 41.Ke4 Kg2
42.Kf5 h3 43.Kg4 h2 44.Ng3 Kf2 45.Kh3 Kg1 46.Ne2+ Kf2 47.Kxh2 Kxe2 48.Kg3  1/2-1/2

[Event "Czech Open A"]
[Site "Pardubice CZE"]
[Date "2009.08.01"]
[Round "9"]
[White "Erdogdu,M"]
[Black "Grandelius,N"]
[Result "1/2-1/2"]
[WhiteElo "2463"]
[BlackElo "2515"]

1.e4 c5 2.Nf3 d6 3.d4 cxd4 4.Nxd4 Nf6 5.Nc3 a6 6.Be3 e6 7.f3 b5 8.Qd2 Nbd7
9.O-O-O Bb7 10.g4 Nb6 11.Qf2 Nfd7 12.Bd3 Rc8 13.Nce2 Qc7 14.Kb1 d5 15.e5 Qxe5
16.Nxb5 Nc4 17.Bxc4 Rxc4 18.Nbc3 Qc7 19.Rhe1 Bb4 20.Bd4 O-O 21.f4 f6 22.a3 Bxc3
23.Bxc3 Nc5 24.Rd4 Ne4 25.Rxc4 Qxc4 26.Qb6 Qc6 27.Qxc6 Bxc6 28.Bb4 Re8 29.Ng3 Nf2
30.g5 fxg5 31.fxg5 Ng4 32.h3 Nh2 33.Re3 d4 34.Re5 Bd5 35.Re2 Nf3 36.Nf5 Nxg5
37.Ne7+ Rxe7 38.Bxe7 Nxh3 39.Bc5 Ng1 40.Rf2 Nf3 41.Kc1 e5 42.c4 dxc3 43.bxc3 h5
44.c4 Bc6 45.Kd1 g5 46.Rb2 h4 47.Ke2 g4 48.Rb6 Be4 49.Ke3 Ng5 50.Rh6 h3 51.Rh5 Nh7
52.Bd6 Nf6 53.Rxe5 Bf3 54.Rf5 Ne4 55.Bc7 Kg7 56.Rxf3 gxf3 57.Kxf3 Nd2+ 58.Kg3 Nxc4
59.Kxh3 Nxa3 60.Kg4 Kf6 61.Kf3 Ke6 62.Ke4 Kd7 63.Bf4 Kc6 64.Kd3 Kb5 65.Bd2 Ka4
66.Bg5 Nb5 67.Bd8 Kb3 68.Bb6 Nd6 69.Bc7 Nc4 70.Bd8 Kb4 71.Kc2 Kb5 72.Kb3 Nb6
73.Bxb6 Kxb6 74.Kb4 a5+ 75.Ka4 Kc6 76.Kxa5  1/2-1/2

[Event "FSIMB August"]
[Site "Budapest HUN"]
[Date "2009.08.02"]
[Round "2"]
[White "To,N"]
[Black "Vegh,E"]
[Result "0-1"]
[WhiteElo "2366"]
[BlackElo "2294"]

1.e4 c5 2.Nf3 d6 3.d4 cxd4 4.Nxd4 Nf6 5.Nc3 a6 6.Be3 e6 7.f3 b5 8.Qd2 Nbd7
9.g4 h6 10.O-O-O b4 11.Na4 Ne5 12.Qxb4 Bd7 13.Bf4 g5 14.Bd2 Rb8 15.Qa3 d5
16.Nc5 Qb6 17.Ndb3 Bb5 18.Bc3 Bd6 19.Bxb5+ axb5 20.Rhe1 O-O 21.Qa6 Qc7 22.exd5 Nxd5
23.Bxe5 Bxe5 24.Nxe6 Bf4+ 25.Nxf4 Nb4  0-1

[Event "Open"]
[Site "Ptuj SLO"]
[Date "2009.08.02"]
[Round "1"]
[White "Nikolic,Stank"]
[Black "Mazi,L"]
[Result "0-1"]
[WhiteElo "1922"]
[BlackElo "2362"]

1.e4 c5 2.Nf3 d6 3.d4 cxd4 4.Nxd4 Nf6 5.Nc3 a6 6.Be3 e6 7.f3 h5 8.Qd2 Be7
9.O-O-O b5 10.Bd3 Bb7 11.Kb1 Nbd7 12.Rhe1 Rc8 13.Qf2 Ne5 14.h3 h4 15.f4 Nc4
16.Bxc4 Rxc4 17.e5 Ne4 18.Nxe4 Bxe4 19.Bc1 d5 20.b3 Rc8 21.Re2 Bc5 22.Qf1 Qb6
23.Bb2 g6 24.Ka1 Bb4 25.c4 bxc4 26.bxc4 O-O 27.Re3 Rb8 28.Qf2 Rfc8 29.cxd5 Bxd5
30.Nb3 Bc4 31.Qf3 Qb7 32.Qg4 a5 33.Qxh4 a4 34.Nd4 Be1  0-1

[Event "Open"]
[Site "Kavala GRE"]
[Date "2009.08.03"]
[Round "4"]
[White "Aginian,N"]
[Black "Arun Prasad,S"]
[Result "0-1"]
[WhiteElo "2322"]
[BlackElo "2556"]

1.e4 c5 2.Nf3 d6 3.d4 cxd4 4.Nxd4 Nf6 5.Nc3 a6 6.Be3 e6 7.f3 b5 8.g4 h6 9.Qd2 b4
10.Nce2 e5 11.Nb3 Nc6 12.Ng3 Be6 13.h4 d5 14.exd5 Nxd5 15.Ne4 Nxe3 16.Qxe3 Be7
17.Qf2 O-O 18.Rd1 Qc7 19.g5 h5 20.Bd3 a5 21.Nbc5 Nd4 22.Nxe6 Nxe6 23.O-O Nf4
24.Kh1 Rad8 25.Bb5 f5 26.gxf6 Bxf6 27.Rxd8 Qxd8 28.Qc5 Bxh4 29.Rg1 Bf6 30.Nd6 Kh7
31.Nb7 Qc8 32.Qxc8 Rxc8 33.Ba4 Ne2 34.Rg2 Nd4 35.Nd6 Rd8 36.Nb7 Rb8 37.Nc5 Rc8
38.Ne4 Bh4 39.Ng5+ Bxg5 40.Rxg5 Kh6 41.Rxe5 Nxf3 42.Rxa5 g5 43.Ra6+ Kg7 44.Bc6 Ne5
45.Be4 Rc4 46.Ra7+ Kf6 47.Ra6+ Kg7 48.Ra7+ Kf8 49.Ra8+ Ke7 50.Ra7+ Kd6 51.Bf5 Rf4
52.Ra6+ Kc7 53.Be6 Rf2 54.Bd5 Rxc2 55.Re6 Ng4 56.Rg6 Nf2+ 57.Kg2 Nd3+ 58.Kh1 g4
59.a3 Nf4 60.Rg5 Rc5 61.Rg7+ Kd6 62.Bf7 bxa3 63.bxa3 Rc7 64.Kh2 Ke5 65.Rh7 Kf6
66.Bg8 Rc3 67.Rf7+ Kg5  0-1

[Event "Centroamericano & Caribbean U20"]
[Site "Medellin COL"]
[Date "2009.08.03"]
[Round "7"]
[White "Naranjo,Sa"]
[Black "Garcia,Ser"]
[Result "0-1"]
[WhiteElo "1895"]
[BlackElo "2186"]

1.e4 c5 2.Nf3 d6 3.d4 cxd4 4.Nxd4 Nf6 5.Nc3 a6 6.Be3 e5 7.Nb3 Be6 8.Qd2 Be7
9.Be2 Nbd7 10.f3 b5 11.g4 Nb6 12.Na5 Qc7 13.g5 O-O-O 14.Bxb6 Qxb6 15.Nd5 Bxd5
16.exd5 Nxd5 17.Nb3 Qa5 18.O-O g6 19.a3 Qb6+ 20.Qe3 h5 21.Bd3 Qd4 22.c3 Qxe3+  0-1

[Event "Open"]
[Site "Ptuj SLO"]
[Date "2009.08.03"]
[Round "2"]
[White "Mesar,D"]
[Black "Gruskovnjak,T"]
[Result "0-1"]
[WhiteElo "2053"]
[BlackElo "2363"]

1.e4 c5 2.Nf3 d6 3.d4 cxd4 4.Nxd4 Nf6 5.Nc3 a6 6.Be3 e5 7.Nb3 Be7 8.f3 Be6
9.Qd2 O-O 10.O-O-O b5 11.g4 Nbd7 12.Be2 b4 13.Nd5 Bxd5 14.exd5 a5 15.Kb1 Nb6
16.Bxb6 Qxb6 17.Bd3 a4 18.Nc1 Rfc8 19.Be4 Rc4 20.Qe2 Rac8 21.Bf5 R8c7 22.g5 Nh5
23.Qd2 Qc5 24.Be4 Nf4 25.h4 Rd4 26.Nd3 Qc4 27.Rc1 Nxd5 28.Bxd5 Qxd5 29.Qe2 a3
30.b3 Qc6 31.Rh2 Qc3 32.Qd2 Qxd2 33.Rxd2 Rxh4 34.f4 Rb7 35.Re1 f6 36.Rf2 Bd8
37.fxe5 dxe5 38.Ref1 Be7 39.Rg2 fxg5 40.Nxe5 Bf6 41.Ng4 Rf7 42.Re1 Bc3 43.Rd1 h5
44.Ne3 Rd4 45.Rxg5 Rxd1+ 46.Nxd1 Rf1 47.Kc1 h4 48.Rg2 Rh1  0-1